01647nam a2200181 a 450000100100000000500170001000800410002702000150006804000250008324501360010826000640024430000280030849000250033650510130036170000330137470000330140783000250144000000250820200929150213.0090702s1991 sp a 001 0 spa d a8486168554 aDO-SdBNPbspacBNPHU04aLas industrias de la lengua /cdirección de José Vidal Beneyto ; traductores coordinado por Manuel Alvar Ezquerra ... [et al.]. aMadrid :bFundación Germán Sánchez Ruipérez,c1991. a494 p. :bil. ;c22 cm.1 aBiblioteca del libro2 aIntroducción: La industrialización de las lenguas / José Vidal Beneyto -- El tratamiento automático del lenguaje escrito / Gérard Sabah -- Análisis del texto : situación actual / Henry Thompson -- Estado del arte en comunicación hablada / Jean-Sylvain Liénard -- Un nuevo tratamiento del francés escrito / Maurice Gross -- Los métodos informáticos adaptados al tratamiento de las lenguas naturales / Maurice Nivat y Dominique Perrin -- Creación de Corpus / John M. Sinclair -- Los bancos de sonidos / René Carré -- Corpora de referencia / Antonio Zampolli -- Los bancos de datos léxicos : bases multifuncionales de datos léxicos / Antonio Zampolli -- La elaboración de los diccionarios electrónicos del francés / Maurice Gross -- Hacia bases multifuncionales de datos léxicos / Antonio Zampolli -- La generación automática de textos en lengua natural / Laurence Danlos -- Desarrollos actuales en lexicografía automatizada del español / Manuel Alvar Ezquerra.1 aBidal Beneyto, José,edir.1 aAlvar Ezquerra, Manuel,etr. 0aBiblioteca del libro